| 000 | 00365pab a2200157 454500 | ||
|---|---|---|---|
| 008 | 180718b1998 xxu||||| |||| 00| 0 eng d | ||
| 100 | _aMahapatra, S.N. | ||
| 245 | _aMarketing management ratio | ||
| 260 | _c1998 | ||
| 300 | _ap.263-65 | ||
| 362 | _aApr | ||
| 650 | _aMarketing | ||
| 700 | _aPandey, Sanjay | ||
| 773 | _aManagement Accountant | ||
| 909 | _a37255 | ||
| 999 |
_c37255 _d37255 |
||